The monetary independence of Namibia /

Saved in:
Bibliographic Details
Main Author: Chauvin, Sophie.
Format: Book
Language:English
Published: Ausspannplatz, Windhoek, Namibia : Namibian Economic Policy Research Unit, 1992.
Series:NEPRU working paper ; no. 21.
Subjects:
Tags: Add Tag
No Tags, Be the first to tag this record!
LEADER 00796aam a2200253Ma 4500
001 004032550-4
005 20020606095253.2
008 931001s1992 sx 000 0 eng
010 |a  93981983  
035 0 |a ocm31670544 
040 |a DLC  |c DLC  |d HLS 
043 |a f-sx--- 
050 0 0 |a HC940.A1  |b N46 no. 21 
100 1 |a Chauvin, Sophie. 
245 1 4 |a The monetary independence of Namibia /  |c Sophie Chauvin. 
260 |a Ausspannplatz, Windhoek, Namibia :  |b Namibian Economic Policy Research Unit,  |c 1992. 
300 |a v, 18 p. ;  |c 30 cm. 
490 1 |a NEPRU working paper ;  |v no. 21 
500 |a "November 1992." 
504 |a Includes bibliographical references (p. 15-18). 
650 0 |a Monetary policy  |z Namibia. 
830 0 |a NEPRU working paper ;  |v no. 21. 
988 |a 20020608 
906 |0 DLC